| 000 | 01555nam a2200265Ia 4500 | ||
|---|---|---|---|
| 999 |
_c37478 _d37478 |
||
| 001 | 3440 | ||
| 003 | GE_BSU | ||
| 005 | 20210723135054.0 | ||
| 008 | 181216s2003||||ge |||||||||||||| ||geo|| | ||
| 020 | _a9814516689 | ||
| 040 | _cGE_BSU | ||
| 041 | _ageo | ||
| 080 | _a574.3:63 ჯ–12 | ||
| 100 |
_aჯაბნიძე, რეზო _92484 |
||
| 245 |
_aსასოფლო - სამეურნეო ეკოლოგია : _bდამხმ. სახელმძღვ. უმაღლ. სასწ. სტუდ. / _cრედ. თენგიზ ურუშაძე; საქართველოს სახელმწიფო აგრარული უნივერსიტეტის ბათუმის სასოფლო-სამეურნეო ინსტიტუტი. |
||
| 264 |
_aბათუმი : _b აჭარა P.S., _c2003. |
||
| 300 |
_a346 გვ. ; _b20 სმ. |
||
| 504 | _aბიბლიოგრ.: გვ. 340-342. | ||
| 653 | _aეკოლოგია | ||
| 653 | _aსასოფლო-სამეურნეო ეკოლოგია | ||
| 700 |
_aგოგუაძე, ვახტანგ _92485 |
||
| 700 |
_aურუშაძე, თენგიზ _eრედაქტორი _912322 |
||
| 710 |
_aსაქართველოს სახელმწიფო აგრარული უნივერსიტეტის ბათუმის სასოფლო-სამეურნეო ინსტიტუტი _912323 |
||
| 942 |
_cBK _2udc |
||